| 000 | 00713nam a2200265Ia 4500 | ||
|---|---|---|---|
| 001 | 21951 | ||
| 005 | 20240114000618.0 | ||
| 007 | ta | ||
| 008 | 060310s1953 g b000 u 465 u | ||
| 040 | _aCotton College,Assam | ||
| 041 | _a465 | ||
| 082 |
_a297.471 _bH 127 Is |
||
| 100 | _aHakim, Khalifa Abdul . | ||
| 245 | 0 |
_aIslam and Communism / _cKhalifa Abdul Hakim. _hTextual Documents |
|
| 250 | _a2nd ed. / | ||
| 260 |
_aLahore : _bInstitute of Islamic Culture , _c1953. |
||
| 300 |
_a252p. ; _c22cm. |
||
| 653 | _aReligious Literature-Islam | ||
| 653 | _aIslam-Communism | ||
| 653 | _aCommunism-Islam | ||
| 653 | _aG-Urdu | ||
| 942 |
_2ddc _cBK |
||
| 999 |
_c21933 _d21933 |
||